000 00749nam a2200229 a 4500
001 55776
003 BD-RjUL
005 20211209080319.0
008 161121s2002 enk||||| |||| 001 0 eng d
020 _a1566704863
035 _a(BD-RjUL)55900
040 _aBD-RjUL
_beng
_cBD-RjUL
_dBD-RjUL
041 _aeng
082 _223
_a628.161
_bHAD 2002
100 _aHauser, Barbara A
_9166095
245 _aDrinking water chemistry :
_ba laboratory manual /
_cBarbara A. Hauser
260 _aLondon :
_bLEWIS PUBLISHERS,
_cc2002.
300 _a202 p. ;
_c23 cm.
504 _aIncludes index and bibliography
650 _aDrinking water -- Analysis -- Laboratory manuals
_vWater quality -- Measurement -- Laboratory manuals.
_9166096
942 _2ddc
_cBK
999 _c55776
_d55776